000 00484cam a22001097a 4500
008 180718b1958 xxu||||| |||| 00| 0 eng d
082 _aB12421x699 Un3
100 _aUnited Kingdom. The Commission appointed to enquire into the fears of minorities and the means of allaying them
245 _aNigeria: report of the commission appointed to enquire into the fears of minorities and the means of allaying them
260 _aLondon
_bHer Majesty's Stationery Office
_c1958
300 _a114+p.
999 _c391155
_d391155